| 000 | 01433cam a22003735a 4500 | ||
|---|---|---|---|
| 001 | 3904470 | ||
| 005 | 20150819130529.0 | ||
| 006 | a||||fr|||| 00| 0 | ||
| 008 | 910124s1992 nyua frb 001 0 eng | ||
| 010 | _a91007510 | ||
| 020 | _a0070478279 (unconfirmed) | ||
| 020 | _a0079097022 (set) | ||
| 020 | _a9780079097026 | ||
| 040 |
_aDLC _beng _cDLC _dDLC _dEG-ScBUE |
||
| 050 | 0 | 0 |
_aTJ230 _b.N63 1992 |
| 082 | 0 | 4 |
_a621.815 _222 _bNOR |
| 100 | 1 |
_aNorton, Robert L. _95732 |
|
| 245 | 1 | 0 |
_aDesign of Machinery : _bAn Introduction to the Synthesis and Analysis of Mechanisms and Machines / _cRobert L. Norton. |
| 260 |
_aNew York : _bMcGraw-Hill, _cc.1992. |
||
| 300 |
_axix, 714 p. : _bill. ; _c25 cm. + _e1 computer disk (3 1/2 in.) |
||
| 490 | 0 | _aMcGraw-Hill series in mechanical engineering | |
| 500 | _aIndex : p. 701-714. | ||
| 504 | _aIncludes bibliographic references. | ||
| 538 | _aSystem requirements for computer disk: IBM compatible PC; 640K RAM; DOS 3.0 or higher; CGA, EGA, or VGA graphics card emulation. | ||
| 590 | _aMenna Elemam | ||
| 650 | 0 |
_aMachine design. _95734 _2BUEsh |
|
| 650 | 0 |
_aMachinery, Kinematics of. _95735 _2BUEsh |
|
| 650 | 0 |
_aMachinery, Dynamics of. _95736 _2BUEsh |
|
| 651 | _2BUEsh | ||
| 653 |
_bENGGEN _cAugust2015 |
||
| 942 |
_2ddc _k621.815 NOR _cBB |
||
| 999 |
_c11719 _d11719 |
||